000 00275nam a2200097Ia 4500
008 220204s9999 xx 000 0 und d
082 _a331:06.055.5(595)
_bFED
245 0 _aFederation of Malaya, Annual Report of Ministry of labour, 1960
260 _aMalaya
_c1962
942 _cBK
999 _c19315
_d19315